000 00366 a2200157 4500
001 75622
020 _a9788534926973
040 _cAnchieta - Colégio São Paulo
100 _aSilva, Betty Coelho
240 1 0 _aFoi um dia, um dia foi:
_lpor
245 1 0 _aFoi um dia, um dia foi:
300 _a48
362 0 _a2007
650 4 _aLiteratura infantil
942 _cBK
999 _c75622
_d75622